Missing Word: '90s Movies About Teenagers Quiz Stats

 Plays Quiz Updated Mar 22, 2018

Score 0/20 Timer 03:00
1 Play Today
Movie Missing Word % Correct
10 ____ I Hate About YouThings
98.8%
____ + JulietRomeo
98.6%
I Know What You Did ____ SummerLast
98.4%
Buffy the ____ SlayerVampire
97.4%
She's ____ ThatAll
96.3%
Dazed and ____Confused
93.9%
Boyz n the ____Hood
92.8%
Never Been ____Kissed
92%
Don't Tell ____ the Babysitter's DeadMom
91.1%
American ____Pie
87.8%
Movie Missing Word % Correct
____ IntentionsCruel
85.3%
Can't Hardly ____Wait
84.9%
____ Me CrazyDrive
82.7%
____ Up the VolumePump
73.8%
____ MindsDangerous
55.9%
____-BabyCry
52%
____ BluesVarsity
52%
____ ManEncino
46.4%
____ RecordsEmpire
45.3%
Urban ____Legend
45.2%

Today's Daily Dose

You're not logged in!

Compare scores with friends on all Sporcle quizzes.
OR
Log In

Sporcle TV

Today on Sporcle TV


Watch our educational content, quiz creation guides, and fun videos on Sporcle TV.

Show Comments

Extras

Top Quizzes Today


Score Distribution

Your Account Isn't Verified!

In order to create a playlist on Sporcle, you need to verify the email address you used during registration. Go to your Sporcle Settings to finish the process.

Report this User

Report this user for behavior that violates our Community Guidelines.

Details: